The writing of history /

Shranjeno v:
Bibliografske podrobnosti
Glavni avtor: Certeau, Michel de
Format: Neznan
Jezik:English
Izdano: New York : Columbia University Press, 1988.
Teme:
Oznake: Označite
Brez oznak, prvi označite!

MARC

LEADER 000000000a22000000004500
001 015137
020 |a 0231055749 
041 0 |a eng 
082 0 4 |a 907.2   |b C418w 
100 1 |a Certeau, Michel de 
245 1 4 |a The writing of history /   |c Michel de Certeau. 
260 1 |a New York :   |b Columbia University Press,   |c 1988. 
300 |a xxviii, 368 páginas ;   |c 23 cm. 
650 4 |a HISTORIOGRAFIA 
999 |c 20997  |d 20997 
942 |c BK  |h 907.2 C418w  |2 z